Blood promise /

Just days before graduating from St. Vladimir's Academy, guardian-in-training Rose travels to Siberia to drive a stake into the heart of the boy she loves, the monstrous vampire Dimitri.

Bibliographic Details
Main Author: Mead, Richelle
Format: Book
Language:English
Published: New York : Razorbill, [2009]
Series:Mead, Richelle. Vampire Academy novel.
Subjects:

MARC

Tag First Indicator Second Indicator Subfields
LEADER 00000cam a22000004a 4500
001 in00002520481
005 20151111062216.0
008 090316s2009 nyu d 000 1 eng
010 |a  2009009254 
020 |a 9781595141989 
020 |a 1595141987 
029 0 |a IG#  |b 9781595141989 
029 1 |a AU@  |b 000043984625 
029 1 |a AU@  |b 000044501135 
029 1 |a NZ1  |b 12923047 
029 1 |a NZ1  |b 13050412 
035 |a (OCoLC)ocn286456593 
040 |a DLC  |c DLC  |d IG#  |d BTCTA  |d UPZ  |d MLY  |d ABG  |d SRC  |d IGP  |d XY4  |d TXA  |d UtOrBLW 
043 |a e-ru--- 
049 |a TXAM 
050 0 0 |a PZ7.M478897  |b Bl 2009 
082 1 4 |a [Fic]  |2 22 
100 1 |a Mead, Richelle. 
245 1 0 |a Blood promise /  |c Richelle Mead. 
264 1 |a New York :  |b Razorbill,  |c [2009] 
264 4 |c ©2009 
300 |a 503 pages ;  |c 22 cm. 
336 |a text  |b txt  |2 rdacontent 
337 |a unmediated  |b n  |2 rdamedia 
338 |a volume  |b nc  |2 rdacarrier 
490 1 |a Vampire Academy novel 
521 8 |a Ages 12 and up. 
520 |a Just days before graduating from St. Vladimir's Academy, guardian-in-training Rose travels to Siberia to drive a stake into the heart of the boy she loves, the monstrous vampire Dimitri. 
650 0 |a Vampires  |v Juvenile fiction. 
650 0 |a Paranormal fiction. 
650 0 |a High schools  |v Juvenile fiction. 
650 0 |a Schools  |v Juvenile fiction. 
650 0 |a High schools  |v Fiction. 
650 0 |a Schools  |v Fiction. 
650 0 |a Vampires  |v Fiction. 
651 0 |a Siberia (Russia)  |v Juvenile fiction. 
651 0 |a Russia (Federation)  |v Juvenile fiction. 
650 1 |a Vampires  |v Fiction. 
650 1 |a Supernatural  |v Fiction. 
650 1 |a High schools  |v Fiction. 
650 1 |a Schools  |v Fiction. 
650 1 |a Teenage vampires  |v Fiction. 
650 1 |a Good and evil  |v Fiction. 
650 1 |a Horror stories, American. 
650 1 |a Teenage girls  |v Fiction. 
651 1 |a Siberia (Russia)  |v Fiction. 
651 1 |a Russia (Federation)  |v Fiction. 
800 1 |a Mead, Richelle.  |t Vampire Academy novel. 
938 |a Ingram  |b INGR  |n 9781595141989 
938 |a Baker and Taylor  |b BTCP  |n BK0008099008 
948 |a cataloged  |b h  |c 2009/9/22  |d c  |e ceaton  |f 9:39:04 am 
994 |a C0  |b TXA 
999 |a MARS 
999 f f |s cecd893f-b9bf-3e35-ade5-7313b7722154  |i 69189592-cfa7-39e4-99dd-14baa3b90079  |t 0 
952 f f |p noncirc  |a Texas A&M University  |b College Station  |c Cushing Memorial Library & Archives  |d Cushing: Science Fiction (Does not check out)  |t 0  |e PZ7.M478897 Bl 2009  |h Library of Congress classification  |i unmediated -- volume  |m A14853251635 
952 f f |p normal  |a Texas A&M University  |b College Station  |c Sterling C. Evans Library  |d Evans: Library Stacks  |t 0  |e PZ7.M478897 Bl 2009  |h Library of Congress classification  |i unmediated -- volume  |m A14838896521 
998 f f |a PZ7.M478897 Bl 2009  |t 0  |l Cushing: Science Fiction (Does not check out) 
998 f f |a PZ7.M478897 Bl 2009  |t 0  |l Evans: Library Stacks